FIFA 22 Team of the Year (and Honourable Mentions) - Statistics

General Stats
  • This quiz has been taken 125 times
    95 since last reset
  • The average score is 22 of 29
Answer Stats
Rating Club Player % Correct
98 PSG Lionel Messi
100%
97 Manchester United Cristiano Ronaldo
99%
96 Manchester City Kevin De Bruyne
99%
97 PSG Kylian Mbappe
99%
98 Bayern Munich Robert Lewandowski
99%
96 Chelsea N'Golo Kante
95%
92 Borussia Dortmund Erling Haaland
92%
96 PSG Gianluigi Donnarumma
88%
94 Liverpool Mohamed Salah
88%
95 PSG Marquinhos
87%
97 Chelsea Jorginho
86%
97 Manchester City Ruben Dias
86%
92 Real Madrid Karim Benzema
85%
94 Manchester City Joao Cancelo
82%
92 Manchester United Bruno Fernandes
81%
93 PSG Achraf Hakimi
79%
89 Chelsea Edouard Mendy
74%
89 Juventus Federico Chiesa
65%
89 Napoli Lorenzo Insigne
64%
90 Chelsea Antonio Rudiger
62%
89 Manchester City Phil Foden
62%
87 Manchester City Kyle Walker
60%
87 Juventus Leonardo Bonucci
59%
87 Lille Jonathan David
58%
89 Inter Milan Lautaro Martinez
58%
90 Bayern Munich Leon Goretzka
55%
87 Manchester United Luke Shaw
53%
89 Real Madrid David Alaba
47%
88 Sevilla Jules Kounde
47%
No matching quizzes found
Score Distribution
Percent of People with Each Score
Percentile by Number Answered
Your Score History
You have not taken this quiz since the last reset